| 000 | 00478nam a2200157Ia 4500 | ||
|---|---|---|---|
| 008 | 160316s1998 xxu||||| |||| 00| 0 eng d | ||
| 082 |
_a305.230700 _bGRA |
||
| 100 | _aGraue M. Elizabeth | ||
| 245 | _aStudying children in context: Theories, methods and ethics | ||
| 250 | _a | ||
| 260 |
_aLondon _bSage Publications _c1998 |
||
| 300 |
_a270 _b _c |
||
| 365 | _b | ||
| 650 | _a1. Children - Research -Methodology U S A 2. Child Psychology - U S A | ||
| 700 |
_aWalsh Daniel J. _a |
||
| 999 |
_c36495 _d36495 |
||